000 00556nam a2200181Ia 4500
008 090630s9999 xx 000 0 und d
082 _b21346
100 _aअनु. भट अविनाश.
245 _aफेंगशूई.
_cअनु. भट अविनाश.
260 _bपुष्प.
_c2001
300 _a96
600 _aअनु. भट अविनाश.
630 _aफेंगशूई.
655 _aइतर.
700 _aअनु. भट अविनाश.
730 _aफेंगशूई.
942 _cBOOK
999 _c273202
_d273202